000 00439nam a2200157Ia 4500
008 160316s1992 xxu||||| |||| 00| 0 eng d
082 _a344.046000
_bIGN
100 _a
245 _aIgnoring reason, inviting disaster : Threat to Ganga-Himalaya
250 _a
260 _aNew Delhi
_bFriends of Chipko
_c1992
300 _a68p
_b20 cm
_c
365 _bRs.120/-
650 _a1.Environment - Dams - Construction - Impacts
700 _a
_a
999 _c5507
_d5507